First Lines in Famous Rock and Metal Songs - Statistics

General Stats
  • This quiz has been taken 112 times
  • The average score is 5 of 15
Answer Stats
Hint Answer % Correct
Shot through the heart You Give Love a Bad Name
86%
Just a small town girl, livin' in a lonely world Don't Stop Believin'
73%
Buddy, you're a boy, make a big noise We Will Rock You
61%
Crazy, but that's how it goes Crazy Train
51%
There's a lady who's sure all that glitters is gold Stairway to Heaven
50%
When I look into your eyes, I can see a love restrain November Rain
36%
End of passion play, crumbling away Master of Puppets
35%
When I get high, I get high on speed Kickstart My Heart
30%
I am a man who walks alone Fear of the Dark
26%
There I was completely wasting, out of work and down Breaking the Law
24%
Ricky was a young boy 18 and Life
20%
Du, hast viel geweint Deutschland
18%
Brother will kill brother, spilling blood across the land Holy Wars... The Punishment Due
16%
A growing sickness in the heart Stranded
10%
Every time I leave, you say you won't be there Jet City Woman
2%
No matching quizzes found
Score Distribution
Percent of People with Each Score
Percentile by Number Answered
Your Score History
You have not taken this quiz